000 00769nam a22001937a 4500
999 _c217443
_d217443
008 201130b ||||| |||| 00| 0 eng d
040 _bger
_cDE-2950
_erda
_aDE-2950
041 _ager
100 _aWaldmann, Nancy:
245 _aVon Testpflicht nach Polen überrumpelt.
_bCorona: Bis 31. August gilt die Einreiseregelung weiter, auch nach Slubice. Damit hat nicht einmal die Grenzpolizei gerechnet/
_cNancy Waldmann
653 _aSlubice / Polen
653 _aPandemie / Corona
653 _aEinreisebestimmungen
773 _dFrankfurt (Oder): Märkisches Verlags- und Druckhaus GmbH & Co KG
_g32. Jahrgang (2021) Nr. 142 vom 22.06.2021, S.15: Foto
_tMärkische Oderzeitung
942 _cA